| 000 | 01272nam a2200241 a 4500 | ||
|---|---|---|---|
| 001 | 2046612 | ||
| 003 | AM-YEHGA | ||
| 005 | 20260408141723.0 | ||
| 008 | 260123s1970 ai |||gr|||| 000|0|arm d | ||
| 040 | _aAM-YEHGA | ||
| 041 | 0 | _aarm | |
| 100 | 1 |
_aՊարտիզունի, Վաչե Զոհրաբի, _d1915-1997 _92766 |
|
| 245 | 1 | 1 |
_a«Թումանյան և Տերյան» պրոբլեմի շուրջը / _cՊրոֆ․ Վ․Զ․ Պարտիզունի ; Հայկական ՍՍՌ Գիտությունների ակադեմիա. |
| 260 |
_aԵրևան : _bՀայկական ՍՍՀ ԳԱ հրատ., _c1970. |
||
| 300 |
_aէջ 137-158 ; _c25 սմ. |
||
| 500 | _aԱռանձնատիպ Հայկական ՍՍՌ Գիտությունների ակադեմիայի «Պատմա-բանասիրական հանդես»-ից, № 2 (49), 1970 թ.: | ||
| 504 | _aՄատենագիտ. տողատ. ծանոթ. | ||
| 600 | 1 | 4 |
_aԹումանյան, Հովհաննես Թադևոսի, _d1869-1923 _91108 |
| 600 | 1 | 4 |
_aՏերյան, Վահան Սուքիասի, _d1885-1920 _91686 |
| 650 | 1 | 4 |
_aՀայ գրականություն _vԲանավեճեր և քննարկումներ _xԱռանձնատիպ |
| 710 | 2 | _aՀայկական ՍՍՌ Գիտությունների ակադեմիա | |
| 942 |
_2udc _cBK |
||
| 999 |
_c540470 _d540470 |
||